=LDR 00000nam 2200000 4500 =001 NUTBA000000000002863 =005 20140707095958.0 =006 =007 =008 =020 ##$$a 978-979-29-3832-6 =035 ##$$0010-071400000000051 =040 ##$$a NBPDMAT =082 ##$$a 636.597 =090 ##$$a 636.597 $b Whe r =100 ##$$a Wheindrata HS =245 ##$$a Rahasia beternak bebek petelur unggul / $c oleh Whenirata ; editor, FL Sigit Suyantoro =260 ##$$a Yogyakarta : $b Lily Publisher, $c 2013 =300 ##$$a x, 142 hlm : $b ilus.; $c 21 cm. =650 ##$$a Bebek peterlur =990 ##$$a 21402872 =990 ##$$a 0001/BPAP-NTB/20142014 =990 ##$$a 0004/BPAP-NTB/2015